logo

Bir Sreshtho Munshi Abdur Rouf Library
Jhenaidah Cadet College

The human use of the earth / (Record no. 5334)

MARC details
000 -LEADER
fixed length control field 00803nam a2200277 4500
001 - CONTROL NUMBER
JCCL Control Number 5334
003 - CONTROL NUMBER IDENTIFIER
JCCL marc code BD-JHcc
005 - DATE AND TIME OF LATEST TRANSACTION
control field 20171212192401.0
008 - FIXED-LENGTH DATA ELEMENTS--GENERAL INFORMATION
fixed length control field 171209s1960 ilu 001 0 eng d
035 ## - SYSTEM CONTROL NUMBER
system control number (BD-JHcc)5334
040 ## - CATALOGING SOURCE
Original cataloging agency DLC
Transcribing agency DLC
Modifying agency BD-JHcc
-- EQO
041 ## - LANGUAGE CODE
Language code of Book eng
050 00 - LIBRARY OF CONGRESS CALL NUMBER
Classification number HM206
Item number .W28
082 00 - DEWEY DECIMAL CLASSIFICATION NUMBER
Classification number 301.3
Author mark and Year PHI 1960
100 1# - MAIN ENTRY--PERSONAL NAME
Personal name Wagner, Philip L.
Fuller form of name (Philip Laurence),
Dates associated with a name 1921-
245 14 - TITLE STATEMENT
Title The human use of the earth /
Statement of responsibility, etc by Philip L. Wagner.
260 ## - PUBLICATION, DISTRIBUTION, ETC. (IMPRINT)
Place of publication, distribution, etc New York :
Name of publisher, distributor, etc Free Press,
Date of publication, distribution, etc c1960.
300 ## - PHYSICAL DESCRIPTION
Pagination xv, 270 p. :
Other physical details ill. ;
Dimensions 22 cm.
490 1# - SERIES STATEMENT
Series statement Free Press paperback
504 ## - BIBLIOGRAPHY, ETC. NOTE
Bibliography, etc Includes bibliographical references p. (239-261) and index.
650 #0 - SUBJECT ADDED ENTRY--TOPICAL TERM
Topical term or geographic name as entry element Human ecology.
650 #0 - SUBJECT ADDED ENTRY--TOPICAL TERM
Topical term or geographic name as entry element Human geography.
830 #0 - SERIES ADDED ENTRY--UNIFORM TITLE
Uniform title Free Press paperback
942 ## - ADDED ENTRY ELEMENTS (KOHA)
Source of classification or shelving scheme Dewey Decimal Classification
Koha item type Books
Holdings
Source of classification or shelving scheme Damaged status Not for loan Home library Current library Shelving location Date of accession Total Checkouts Full call number Barcode Date last seen Copy number Koha item type
Dewey Decimal Classification     JCC Rouf Library JCC Rouf Library General Stacks 12/12/2017   301.3 PHI 1960 7496 12/12/2017 C-1 Books

JCC Library | Contacts | JCC Home

Last Update on 23 September 2017
Copyright @ 2017-2020 JCC Rouf Library
Rouf Library, Jhenidah Cadet College (JCC), Bangladesh